|
|
|
|
| LEADER |
00000cam a2200000 7i4500 |
| 001 |
0000002764 |
| 005 |
20151222.0 |
| 008 |
070716 |
| 020 |
|
|
|a 9832612233(set)
|
| 020 |
|
|
|a 9832612268
|
| 090 |
0 |
0 |
|a JF
|b AD MAL (3090)
|
| 100 |
0 |
|
|a Muhammad Hanif
|
| 245 |
1 |
0 |
|a Menjelajah alam dinasour
|c Muhammad Hanif
|
| 260 |
|
|
|a Kuala Lumpur :
|b Sabunai Media ,
|c 2004
|
| 440 |
|
0 |
|a Siri mesin waktu
|
| 500 |
|
|
|a Children ages 7-9 years old (orange)
|
| 650 |
|
0 |
|a Adventure
|
| 650 |
|
0 |
|a Junior fiction
|x Malay
|x Languages
|
| 710 |
0 |
|
|a Title
|
| 999 |
|
|
|a 0000859750
|b Book
|c Children Collection
|e Cawangan Muar
|
| 999 |
|
|
|a 0000968898
|b Book
|c Children Collection
|e Perbadanan Perpustakaan Awam Johor
|
| 999 |
|
|
|a 0000968899
|b Book
|c Children Collection
|e Perbadanan Perpustakaan Awam Johor
|
| 999 |
|
|
|a 0000968900
|b Book
|c Children Collection
|e Cawangan Tangkak
|
| 999 |
|
|
|a 0000968901
|b Book
|c Children Collection
|e Cawangan Sri Merlong
|
| 999 |
|
|
|a 0000968902
|b Book
|c Children Collection
|e Cawangan Sri Merlong
|
| 999 |
|
|
|a 9832612268
|b Book
|c Children Collection
|e Cawangan Sri Merlong
|